00589nam a2200193Ia 450000500170000000800410001702000220005804000190008004100120009908200180011110000180012924501000014726000370024730000160028444000300030065000280033065100270035885000100038520240118112507.0131103s9999 xx 000 0 und d a8125006354cRs.60 aLoreto College aEnglish a327.1(I)bVAN aVanaik, Achin aIndia in a changing worldb problems, limits and successes of its foreign policy cAchin Vanaik aHyderabadbOrient Longmancc1995 axiii,147p.  aTacts for the times; no.9 aInternational Relations aIndia - Foreign Policy aLCLIB